Chaka Khan Discography - Statistics

General Stats
  • This quiz has been taken 2 times
  • The average score is 6 of 21
Answer Stats
Type Year Name % Correct
Album 1978 Chaka
100%
Album 1982 Chaka Khan
50%
Album 1988 ck
50%
Album 2004 ClassiKhan
50%
Album 1986 Destiny
50%
Album 2007 Funk This
50%
Album 2019 Hello Happiness
50%
Album 1984 I Feel for You
50%
Reissued Compilation 1999 I'm Every Woman: The Best of Chaka Khan
50%
Album 1992 The Woman I Am
50%
Album 1998 Come 2 My House
0%
Compilation 1999 Dance Classics of Chaka Khan
0%
Album 1982 Echoes of an Era
0%
Compilation 1996 Epiphany: The Best of Chaka Khan, Vol. 1
0%
Remix Album 1989 Life Is a Dance: The Remix Project
0%
Album 1980 Naughty
0%
Live Album 2011 S.O.U.L.
0%
Compilation 2011 The Essential Chaka Khan
0%
Compilation 2006 The Platinum Collection
0%
Compilation 1993 The Remix Project: Greatest Hits
0%
Album 1981 What Cha' Gonna Do for Me
0%
No matching quizzes found
Score Distribution
Percent of People with Each Score
Percentile by Number Answered
Your Score History
You have not taken this quiz